| 000 -Etiqueta do registo | |
|---|---|
| campo de controlo de comprimento fixo | 007730000a22002410004500 |
| 001 - Identificador do registo | |
| Campo de controlo | 61544 |
| 010 ## - ISBN | |
| Número (ISBN) | 972-21-0867-0 |
| 021 ## - Nº depósito legal | |
| Código do país | Portugal |
| Número | 71106/93 |
| 100 ## - Dados Gerais de Proc. | |
| Dados gerais de processamento | 20190502d1997 d||y0pory5003 ba |
| 101 0# - Língua da publicação | |
| Língua do texto, banda sonora, etc. | Português |
| 102 ## - País de Publicação | |
| País de publicação | Portugal |
| 200 1# - Título | |
| Título próprio | Um trono para dois irmãos |
| Primeira menção de responsabilidade | Ana Maria Magalhães, Isabel Alçada |
| Outras menções de responsabilidade | il. Arlindo Fagundes |
| 205 ## - Menção da edição | |
| Menção da edição | 2.ª ed |
| 210 ## - Publicação, Distribuição | |
| Lugar da edição, distribuição, etc. | Lisboa |
| Nome do editor, distribuidor, etc. | Caminho |
| Data da publicação, distribuição, etc. | 1997 |
| 215 ## - Descrição física | |
| Descrição física | 219 p |
| Outras indicações físicas | il. |
| 225 2# - Colecção | |
| Título próprio da colecção | Viagens no Tempo |
| Indicação de volume | 11 |
| 606 ## - Nome comum | |
| Koha Internal code | 2126 |
| Elemento de entrada | Literatura juvenil |
| Subdivisão de assunto | Conto |
| 675 ## - CDU | |
| Notação | 821.134.3-34 |
| Edição | BN |
| Língua da edição | Português |
| 700 #1 - Responsabilidade principal | |
| Koha Internal Code | 29189 |
| Palavra de ordem | Magalhães |
| Outra parte do nome | Ana Maria |
| Datas | 1946- |
| 701 #1 - Co-responsabilidade principal | |
| Koha Internal Code | 6354 |
| Palavra de ordem | Alçada |
| Outra parte do nome | Isabel |
| Elementos de identificação ou distinção | pseud. |
| Código de função | Autor |
| 702 #1 - Responsabilidade secundária | |
| Koha Internal Code | 18673 |
| Código de função | Ilustrador |
| Palavra de ordem | Fagundes |
| Outra parte do nome | Arlindo |
| 090 ## - Números de controlo do sistema (Koha) | |
| Número biblioitem do Koha (gerado automaticamente) | 61544 |
| 942 ## - Elementos de entrada adicionados (Koha) | |
| Tipo de item no Koha | Monografias |
| Suprimido | Disponível no OPAC |
| 999 ## - Campo local | |
| Campo local | 49474 |
| Removido (estado) | Perdido (estado) | Data de aquisição | Origem do registo (biblioteca) (codificado) | Código da organização que empresta ou é detentora (biblioteca) | Código de barras | Número de inventário | Cota | Tipo de circulação (não pode ser emprestado) | Tipo de item e material |
|---|---|---|---|---|---|---|---|---|---|
| Disponível | Disponível | 2020-11-25 | Biblioteca EB23 D. Paio Peres Correia | Biblioteca EB23 D. Paio Peres Correia | BEBDPPC8634 | 8634 | 82-93 VIA | Normal | Monografias |